SHREK CHARACTER QUIZ!!! - Statistics

General Stats
  • This quiz has been taken 1,030 times
  • The average score is 11 of 15
Answer Stats
Hint Answer % Correct
"I'm No Messenger Boy. I'm The Delivery Boy" Shrek
98%
"Those Stairs Won't Know Which Way They Goin'" Donkey
96%
"But this isn't right! You're meant to charge in, sword drawn, banners flying! That's what all the other knights did!" Fiona
96%
Love Interest For Donkey Dragon
91%
Made By The Muffin Man Gingy
83%
"Where is he Mum? I shall render his head from his shoulders! I will smite him where he stands! HE WILL RUE THE VERY DAY HE STOLE MY KINGDOM AWAY FROM ME!" Prince Charming
74%
Blind Fairytale Characters Three Blind Mice
73%
"Oh, put it away, Junior! You're still going to be King. We just need to work out something smarter, that's all." Fairy Godmother
71%
"Yes, he is a bit different, but people do change for the ones they love - you'd be surprised how much I changed for your mother..." King Harold
69%
Victims Of An Eviction Notice. Also "Pigs In Blankets" Three Little Pigs
67%
"Oh, stop being such a drama king!" Queen Lillian
64%
"You still look like an ass to me" Puss In Boots
62%
"Do Ya Think He's Compensating For Something?" Lord Farquaad
60%
He "Huffed And He Puffed And He Signed An Eviction Notice" Big Bad Wolf
56%
Viewing Pleasure For Farquaad Magic Mirror
50%
No matching quizzes found
Score Distribution
Percent of People with Each Score
Percentile by Number Answered
Your Score History
You have not taken this quiz